| 000 | 00446nam a2200133Ia 4500 | ||
|---|---|---|---|
| 001 | 2065 | ||
| 008 | 241024s9999 xx 000 0 und d | ||
| 082 | _aRD/379.7293/R426p/2006-07 | ||
| 100 | _aRepública Dominicana.Secretaria de Estado de Educación | ||
| 245 | 0 | _aPautas para la apertura del año escolar 2006-2007 con alegría y esperanza vuelvo a mi escuela | |
| 260 |
_bSanto Domingo _c2007 |
||
| 901 | _a11/1/2012 2:05:48 p.m. | ||
| 999 |
_c8276 _d8276 |
||